Maat Toisessa Maailmansodassa - Statistics

Yleistilastot
  • Tätä visaa on pelattu 237 kertaa
  • Keskiarvotulos 18 / 24
Vastaustilastot
Uhreja Maa % Oikein
5,318,000 Saksa
99%
11,400,000 Neuvostoliitto
98%
95,000 Suomi
98%
2,300,000 Japani
97%
407,300 Yhdysvallat
97%
210,000 Ranska
95%
383,700 Yhdistynyt kuningaskunta
95%
341,000 Italia
92%
3,750,000 Kiina
92%
240,000 Puola
92%
12,000 Belgia
76%
42,000 Kanada
76%
18,200 Alankomaat
73%
200,000 Unkari
72%
35,100 Kreikka
71%
300,000 Romania
66%
39,700 Australia
64%
34,000 Viro
60%
446,000 Jugoslavia
58%
30,000 Latvia
58%
25,000 Liettua
58%
18,500 Bulgaria
53%
11,700 Uusi-Seelanti
40%
11,900 Etelä-Afrikka
26%
Ehtoja vastaavia visoja ei löytynyt
Tulosjakauma
Jokaisen tuloksen saaneiden osuus
Persentiili vastausten määrän mukaan
Tuloshistoriasi
Et ole pelannut tätä visaa